Jurassic Park III Trivia - Statistics

General Stats
  • This quiz has been taken 255 times
    242 since last reset
  • The average score is 7 of 11
Answer Stats
Hint Answer % Correct
The Island Isla Sorna
98%
Paleontologist Alan Grant
93%
AKA Site B
88%
Company that owned the island InGen
81%
Pack Hunter Velociraptor
75%
Calls the Army Ellie Delgar
73%
Assistant who stole the belows eggs Billy Brennan
72%
Dinosaur that approaches them at the dung pile Ceratosaurus
51%
Quote: You're worse than the people that made ---- -----. this place
50%
Photographer Ben Hildebrand
39%
Glider used by above Parasail
22%
No matching quizzes found
Score Distribution
Percent of People with Each Score
Percentile by Number Answered
Your Score History
You have not taken this quiz since the last reset